Vita segreta del signore di Bushū /
Uloženo v:
| Hlavní autor: | |
|---|---|
| Další autoři: | |
| Médium: | Kniha |
| Jazyk: | italština |
| Vydáno: |
\Milano! :
Bompiani,
1996
|
| Edice: | I grandi tascabili ;
472 |
| Tagy: |
Žádné tagy, Buďte první, kdo vytvoří štítek k tomuto záznamu!
|
MARC
| LEADER | 00000nam a22000007i 4500 | ||
|---|---|---|---|
| 001 | IT\ICCU\LO1\0433348 | ||
| 003 | ItRI | ||
| 005 | 20250306113056.0 | ||
| 008 | 970620s1996 it |||||| ||||| |||||c | ||
| 020 | |a 8845227243 | ||
| 040 | |b ita |c Arcigay Rimini | ||
| 041 | 7 | |a ita |2 ISO-639-2 | |
| 082 | |a 895.634 |2 19 | ||
| 100 | 1 | |a Tanizaki, Junʼichirō |0 IT\ICCU\CFIV\004907 |4 aut | |
| 240 | 1 | 0 | |a Bushūkō hiwa. |9 Tanizaki, Junʼichirō |
| 245 | 1 | 0 | |a Vita segreta del signore di Bushū / |c Jun'ichirō Tanizaki ; introduzione e notizia bibliografica di Adriana Boscaro. |
| 260 | |a \Milano! : |b Bompiani, |c 1996 | ||
| 300 | |a XXI, 148 p. ; |c 20 cm. | ||
| 700 | 1 | |a Boscaro, Adriana |0 IT\ICCU\CFIV\034509 | |
| 830 | 2 | |a I grandi tascabili ; |v 472 |0 IT\ICCU\BVE\0034457 | |
| 942 | |2 ddc |c BK | ||
| 952 | |0 0 |1 0 |2 ddc |4 0 |6 895_634000000000000_TAN_VIT |7 1 |9 3604 |a RN |b RN |d 2025-03-06 |l 0 |o 895.634 TAN VIT |p 10863 |r 2025-03-06 11:31:25 |w 2025-03-06 |y BK |z Donazione di Giovanni Rimondini | ||
| 981 | 1 | |6 z01 |a i |b xxxe | |
| 982 | 1 | |6 z01 |a n | |
| 999 | |c 2797 |d 2797 | ||